00634nam a22001817a 4500003000900000008004100009040007100050082001800121100002300139245003100162260003500193300002800228440003400256505011400290650001200404650001600416650002000432AR-CdUCM190325b ||||| |||| 00| 0 spa d aMUNICIPALIDAD PROVINCIAL DEL CUSCOcBIBLIOTECA MUNICIPAL DEL CUSCO a070.7 /bG16  aGaillard, Philippe aTécnica del periodismo / aBarcelona :bOikos Tau,c1972. a121 páginas ;c18 cm. aColección ¿Qué sé?n77 aContenido : El periodismo contemporáneo -- La búsqueda de la información -- Dar forma a las noticias... aPrensa  aPeriodismo  aComunicaciones